000
00292 a2200133 4500
003
Nust
005
20170207153535.0
040
_c
Nust
082
_a
891.439
245
_a
Roshni
_c
Pakistan BroadCasting
260
_a
Karachi
_b
Pakistan Broad Casting
300
_a
227;p
650
_a
Radio Programming
942
_2
ddc
_c
BK
999
_c
188166
_d
188166